000 00947cad a22002295a 4500
001 E154415
008 120116e20120109xxka f s000 0 eng d
035 _a(Sirsi) u154710
041 0 _aeng
100 1 _aMarsden, Katrina
245 0 0 _aAgricultural Holdings (Amendment) (Scotland) Bill
_h[electronic resource]
260 _aEdinburgh
_bScottish Parliament
_c2012
490 0 _aSPICe Briefing
_v(12/02) 9 January 2012.
520 _aExplains the background to the Agricultural Holdings (Amendment) Scotland) Bill, and discusses its provisions.
521 _aAdvanced
590 _aKA
650 2 4 _aAGRICULTURAL HOLDINGS (AMENDMENT) (SCOTLAND) BILL 2011
651 4 _aScotland
_y1999-
690 _aENVIRONMENTAL AND LAND CONSULTANCY-AGRIBUSINESS-AGRICULTURE
856 4 0 _uhttps://www.scottish.parliament.uk/ResearchBriefingsAndFactsheets/S4/SB_12-02(2).pdf
_zView the briefing free of charge at www.scottish.parliament.uk
942 _n0
999 _c113116
_d113116